A propaganda política (Registo nº 201948)
[ vista simples ]
| 000 -Etiqueta do registo | |
|---|---|
| Valores | 00596nam 22001933 4500 |
| 100 ## - Dados gerais de processamento | |
| Dados gerais | 20260424d u||y0pory50 ba |
| 200 ## - Titulo e menção de responsabilidade | |
| Título próprio | A propaganda política |
| Primeira menção de responsabilidade | J. M. Domenach |
| Outras menções de responsabilidade | tradução de Ciro T. de Pádua |
| 210 ## - Publicação | |
| Local de publicação | São Paulo |
| Nome do editor | Difusão Européia do Livro |
| Data de publicação | 1955 |
| 215 ## - Descrição física | |
| Paginação / Volumes | 137 p. |
| Outras indicações físicas | brochado |
| Dimensões | 19 cm |
| 225 ## - Colecção | |
| Título próprio da colecção | Saber atual |
| Indicação de volume | 22 |
| 606 ## - Nome comum usado como assunto | |
| ID Autoridade | 1246 |
| Palavra de ordem | Política |
| 675 ## - CDU | |
| Notação | 32 |
| Edição | PT |
| Língua | por |
| 700 ## - Autor principal (pessoa individual) | |
| ID Autoridade | 17184 |
| Apelido | Domenach |
| Nome | Jean Marie |
| Datas | 1922-1997 |
| 702 ## - Autor secundário (pessoa individual) | |
| ID Autoridade | 17186 |
| Apelido | Pádua |
| Nome | Ciro T. de |
| 801 ## - Fonte de origem | |
| País | PT |
| Agência | BMMN |
| Regras de catalogação | RPC |
| 830 ## - Notas gerais do catalogador | |
| Criado por | Ana Falardo |
| Indexado por | Ana Falardo |
| 990 ## - Elementos KOHA | |
| Tipo de documento | Livro |
| Situação do levantamento | Biblioteca de origem | Código de barras | Cota | Permissão de empréstimo | Tipo de documento | Nota relativa ao exemplar | Forma de aquisição |
|---|---|---|---|---|---|---|---|
| Biblioteca Municipal de Montemor-o-Novo | 31347 | 32 DOM|SAF | Livro | Acesso Condicionado | Oferta |